| 000 | 00532nam a2200157 4500 | ||
|---|---|---|---|
| 001 | 122775 | ||
| 003 | ES-MaACL | ||
| 005 | 20230906192035.0 | ||
| 007 | t| | ||
| 008 | 070214s1972 sp r ||||1| spa d | ||
| 100 | 1 |
_aProctor, Raymond. _994016 |
|
| 245 | 1 | 0 |
_aAgonía de un neutral _b: (las relaciones hispanoalemanas durante la Segunda Guerra Mundial y la División Azul) / _cRaymond Proctor. |
| 260 |
_aMadrid : _bEd. Nacional, _c1972. |
||
| 300 |
_a354 p. ; _c21 cm + _e4 map., 1 gráf. |
||
| 852 |
_aES-MaACL _jC-47862 _bR.84273 |
||
| 999 |
_c122775 _d122775 |
||